Hỏi đáp lịch sử Việt Nam : Từ khởi thủy đến thế kỷ
Nội dung giới thiệu lịch sử Việt Nam từ khởi thuỷ đến thế kỷ thứ 10 gồm các mốc lịch sử, các sự kiện quan trọng của Việt Nam trong giai đoạn này.
محفوظ في:
| المؤلف الرئيسي: | |
|---|---|
| التنسيق: | كتاب |
| اللغة: | Undetermined |
| منشور في: |
Thành phố Hồ Chí Minh
Trẻ
2007
|
| الموضوعات: | |
| الوسوم: |
إضافة وسم
لا توجد وسوم, كن أول من يضع وسما على هذه التسجيلة!
|
| Thư viện lưu trữ: | Trung tâm Học liệu Trường Đại học Cần Thơ |
|---|
| LEADER | 00923nam a2200229Ia 4500 | ||
|---|---|---|---|
| 001 | CTU_132855 | ||
| 008 | 210402s9999 xx 000 0 und d | ||
| 020 | |c 31000 | ||
| 082 | |a 959.7 | ||
| 082 | |b T305/T.1 | ||
| 100 | |a Trần, Nam Tiến | ||
| 245 | 0 | |a Hỏi đáp lịch sử Việt Nam : | |
| 245 | 0 | |b Từ khởi thủy đến thế kỷ | |
| 245 | 0 | |c Trần Nam Tiến (chủ biên) ... [et al.] | |
| 260 | |a Thành phố Hồ Chí Minh | ||
| 260 | |b Trẻ | ||
| 260 | |c 2007 | ||
| 520 | |a Nội dung giới thiệu lịch sử Việt Nam từ khởi thuỷ đến thế kỷ thứ 10 gồm các mốc lịch sử, các sự kiện quan trọng của Việt Nam trong giai đoạn này. | ||
| 650 | |a Viet Nam,Việt Nam | ||
| 650 | |x History,Lịch sử | ||
| 904 | |i Q. Hiếu | ||
| 980 | |a Trung tâm Học liệu Trường Đại học Cần Thơ | ||